Historia verdadera del rey don Rodrigo (Record no. 158229)

MARC details
000 -LEADER
campo de control de longitud fija 01538nam a22002775i 4500
001 - NÚMERO DE CONTROL
campo de control 158229
003 - IDENTIFICADOR DE NÚMERO DE CONTROL
campo de control ES-MaACL
005 - FECHA Y HORA DE LA ÚLTIMA TRANSACCIÓN
campo de control 20240228155329.0
008 - DATOS DE LONGITUD FIJA--INFORMACIÓN GENERAL
campo de control de longitud fija 970519q1676 sp |||| | spa d
040 ## - FUENTE DE CATALOGACIÓN
Centro catalogador/agencia de origen CYL
Lengua de catalogación spa
Centro/agencia transcriptor CYL
100 1# - ENTRADA PRINCIPAL--NOMBRE DE PERSONA
Nombre de persona Luna, Miguel de.
9 (RLIN) 74761
245 10 - MENCIÓN DEL TÍTULO
Título Historia verdadera del rey don Rodrigo
Resto del título : en la qual se trata la causa principal de la pérdida de España, y la conquista que de ella hizo Miramamolin Almançor ... y vida del Rey Jacob Almançor /
Mención de responsabilidad, etc. compuesta por ... Albulcacim Tarif ... ; nuevamente traducida de lengua arabiga por Miguel de Luna ...
250 ## - MENCION DE EDICION
Mención de edición Septima impression.
260 ## - PUBLICACIÓN, DISTRIBUCIÓN, ETC.
Lugar de publicación, distribución, etc. En Madrid :
Nombre del editor, distribuidor, etc. por los herederos de Gabriel de Leon,
Fecha de publicación, distribución, etc. [1676]
300 ## - DESCRIPCIÓN FÍSICA
Extensión [12], 438, [10] p. ;
Dimensiones 4º.
530 ## - NOTA DISPONIBLE DE FORMULARIO FÍSICO ADICIONAL
Nota de formato físico adicional disponible Disponible en formato digital.
594 ## - Nota al título y mención de responsabilidad
Nota al título y mención de responsabilidad El verdadero nombre del autor es Miguel de Luna que utilizó el seud. de Abulcacim Tarif Abentarique.
596 ## - NOTA AL PIE DE IMPRENTA
NOTA AL PIE DE IMPRENTA Tasa fechada en 1676.
597 ## - NOTA DE DESCRIPCIÓN FÍSICA
NOTA DE DESCRIPCIÓN FÍSICA Sign.: [calderón]6, A-Z8, 2A-2E8.
600 14 - PUNTO DE ACCESO ADICIONAL DE MATERIA--NOMBRE DE PERSONA
Nombre de persona Rodrigo
Títulos y otros términos asociados al nombre Rey de los Visigodos.
9 (RLIN) 156818
651 #7 - PUNTO DE ACCESO ADICIONAL DE MATERIA--NOMBRE GEOGRÁFICO
Nombre geográfico España-
Subdivisión general Historia-
Subdivisión cronológica 0414-0711, Época visigoda
Fuente del encabezamiento o término
9 (RLIN) 162046
651 #4 - PUNTO DE ACCESO ADICIONAL DE MATERIA--NOMBRE GEOGRÁFICO
Nombre geográfico Al-Andalus-
Subdivisión general Historia-
Subdivisión cronológica 711-756, Emirato dependiente.
9 (RLIN) 155942
852 ## - LOCALIZACIÓN
Ubicación ES-MaACL
Número de control de estantería R-3375(1)
Nota libre - Enc. perg.
condición física - Contiene la primera parte de la obra ([12], 226 p.)
Nota libre - Enc. con la "Segunda parte" correspondiente a la ed. de Melchor Sánchez de 1675
856 ## - LOCALIZACIÓN Y ACCESO ELECTRÓNICOS
Identificador Uniforme de Recursos <a href="http://digibug.ugr.es/handle/10481/13049 ">http://digibug.ugr.es/handle/10481/13049 </a>
Nota pública Repositorio Institucional de la Universidad de Granada
Holdings
Estatus retirado Estado de pérdida Estado de daño No para préstamo Colección Biblioteca de origen Biblioteca actual Ubicación en estantería Fecha de adquisición Fuente de adquisición Total de préstamos Signatura topográfica completa Código de barras Visto por última vez Precio de reemplazo Tipo de ítem Koha
        Colección digital Biblioteca del Ateneo de Madrid Biblioteca del Ateneo de Madrid Depósito 17/01/2008     R-3375(1) 1165603 23/02/2023 23/02/2023 Libro impreso antiguo